El humanismo de Max Scheler: estudio de su antropología filosófica
Αποθηκεύτηκε σε:
| Κύριος συγγραφέας: | |
|---|---|
| Μορφή: | Βιβλίο |
| Γλώσσα: | Ισπανικά |
| Έκδοση: |
Madrid
Biblioteca de Autores Cristianos
1978
|
| Σειρά: | Biblioteca de Autores Cristianos, 404
|
| Θέματα: | |
| Ετικέτες: |
Προσθήκη ετικέτας
Δεν υπάρχουν, Καταχωρήστε ετικέτα πρώτοι!
|
MARC
| LEADER | 00000cam a2200000 a 4500 | ||
|---|---|---|---|
| 001 | UCW9061 | ||
| 003 | CL-VaPUC | ||
| 008 | 881129e19780000SP |||||||||||||||||spa|d | ||
| 020 | |a 8422008920 | ||
| 082 | 0 | 4 | |a 142.7 |b PIN |2 21 |
| 100 | |a Pintor Ramos, Antonio |e autor |9 314208 | ||
| 245 | 1 | 3 | |a El humanismo de Max Scheler: estudio de su antropología filosófica |
| 300 | |a 410 p | ||
| 942 | |c BK | ||
| 945 | |d 19881129 00:00:00 | ||
| 260 | |a Madrid |b Biblioteca de Autores Cristianos |c 1978 | ||
| 600 | 0 | 7 | |a SCHELER, MAX FERDINAND |2 CL-VaPUC |9 314209 |
| 650 | 0 | |a Antropología filosófica |9 265842 | |
| 650 | 0 | |a Humanismo |9 256530 | |
| 650 | 0 | |a Filosofía (contemporánea) |y S.XX (Siglo 20) |9 267050 | |
| 650 | 0 | |a Crítica e interpretación |9 255042 | |
| 583 | |a last modification |c 20181211 11:49:23 |k Rodrigo Vera | ||
| 490 | 0 | |a Biblioteca de Autores Cristianos, 404 | |
| 999 | |c 221135 |d 221133 | ||
| 952 | |0 0 |1 0 |4 0 |6 142_700000000000000_PIN_1978 |7 0 |8 A |9 214139 |a BIBTEO |b BIBTEO |d 2019-11-15 |i 2827298 |o 142.7 PIN 1978 |p 2827298 |r 2025-01-17 |w 2019-11-15 |y BK |k ICR | ||
| 952 | |0 0 |1 0 |4 0 |6 142_700000000000000_PIN_1978 |7 0 |8 A |9 214140 |a BIBEDU |b BIBEDU |d 2019-11-15 |i 4031504 |o 142.7 PIN 1978 |p 4031504 |r 2019-11-15 |w 2019-11-15 |y BK |k BME | ||
| 952 | |0 0 |1 0 |3 erd |4 0 |6 142_700000000000000_PIN_1978 |7 0 |8 A |9 214141 |a BIBTEO |b BIBTEO |e Precht Pizarro, Jorge Enrique |i 5520541 |o 142.7 PIN 1978 |p 5520541 |r 2025-01-17 |w 2019-11-15 |y BK |z Catalogado en:20181213 |k ICR | ||